Αραβικός πολιτισμός
Αποθηκεύτηκε σε:
| Κύριος συγγραφέας: | |
|---|---|
| Μορφή: | Βιβλίο |
| Γλώσσα: | Greek |
| Δημοσίευση: |
Αθήνα :
Πεδίο,
2016.
|
| Θέματα: | |
| Ετικέτες: |
Προσθήκη ετικέτας
Δεν υπάρχουν, Καταχωρήστε ετικέτα πρώτοι!
|
MARC
| LEADER | 00000cam a2200000 a 4500 | ||
|---|---|---|---|
| 001 | 1/124786 | ||
| 008 | 220510s2016####gr ||||||| |||| ||gre|| | ||
| 020 | |a 9789605467630 | ||
| 040 | |a GR-MyUa |b gre |c GR-MyUa |e AACR2 | ||
| 041 | 0 | |a gre | |
| 082 | 7 | |a 909.0974927 |2 (23) | |
| 100 | 1 | |a Κονδύλη-Μπασούκου, Ελένη. | |
| 245 | 1 | 0 | |a Αραβικός πολιτισμός / |c Ελένη Κονδύλη. |
| 260 | |a Αθήνα : |b Πεδίο, |c 2016. | ||
| 300 | |a 528 σ. ; |c 24 εκ. | ||
| 650 | 0 | |a Civilization, Arab | |
| 650 | 0 | |a Islamic civilization | |
| 852 | |a INST |b LESVOS |c EUDOXUS |e 20220510 |h 909.0974927 ΚΟΝ |p 005100064340 |q 005100064340 |t EDX |y 0 | ||
| 920 | |a Εύδοξος |b Παραγγελία |y Λέσβος-ΤΚ |z 2022-05 | ||
| 970 | |a Δημάκη |b Μαρία |z 10-05-2022 | ||